000 00479nam a2200193 a 4500
001 7373
003 CO-ViMGA
005 20230915225846.0
008 141112s2004 ck r 000 u spa d
040 _aCO-ViMGA
_bspa
_cCO-ViMGA
082 0 4 _a658.8 R693
_bR693
100 1 _aRozes, Gilbert
_912416
245 1 0 _aVenda más atienda mejor
260 _aBuenos Aires :
_bGranica,
_c1991
300 _a19 p
490 _aAcción, 12
650 1 4 _aVENTAS
_912714
942 _2ddc
_cBK
999 _c19330
_d19330